Introduction to Management Selected Readings

Bibliographic Details
Main Author: Rudy, Ján, 1951- (Author)
Format: Book
Language:English
PhysicalDescription:181 s., 10,16 AH, 10,60 VH Sch., tab., lit. 8 zázn. v angl. a slov. 29 cm
Published: Bratislava Univerzita Komenského 1995
ISBN:8022308773
Edition:1st ed.
Subjects:

MARC

LEADER 00000nam a2200000 a 4500
001 vtls001078565
003 SK-MaSNL
005 20260301153212.0
008 250414s1995 xo eng
015 |a SNBA1995/05 
020 |a 8022308773 
035 |a SNK000021400 
035 |a urn:nbn:sk:snk-amligo 
035 |a urn:nbn:sk:snk-am00bnnb 
035 |a 8027E6C8-EA2C-4FA2-A2FB-5DB6CBD0B9C9 
040 |a SNK  |b slo  |c SNK  |e AACR2 
041 0 |a eng 
044 |a xo  |c SK 
080 |a 65.01(075.8)=20  |2 1981 
100 1 |a Rudy, Ján,  |d 1951-  |4 aut  |9 191206 
245 1 0 |a Introduction to Management  |b Selected Readings  |c Ján Rudy 
250 |a 1st ed. 
260 |a Bratislava  |b Univerzita Komenského  |c 1995  |e Bratislava  |f Polygrafické stredisko UK 
300 |a 181 s., 10,16 AH, 10,60 VH  |b Sch., tab., lit. 8 zázn. v angl. a slov.  |c 29 cm 
366 |e 200 výt. 
650 0 7 |a manažment  |2 SNK  |9 922 
655 7 |a Textbooks (higher)  |2 SNKPHeng  |9 276436 
655 7 |a učebnice vysokých škôl  |2 SNKPH  |9 70191 
852 |a Slovenská národná knižnica 
919 |a 80-223-0877-3 
954 |a manažment 
954 |a riadenie p. aj manažment 
958 |a RM 
958 |a UV 
958 |a NB 
958 |a OND 
999 |c 791981  |d 793911 
952 |t P60, <04>, [BOOK], {604}  |a SNK  |b SNK  |y VYP  |7 0  |p 17A0064127  |o snkSB 53929 D1  |0 0  |1 0  |4 0  |d 1997-04-26  |l 0  |r 2004-12-31 00:00:00  |w 2026-02-24 
952 |a SNK  |b SNK  |y PREZ  |7 0  |p 17A0906533  |o snkSB 53929  |0 0  |1 0  |4 0  |d 2012-08-02  |f 1  |l 0  |r 2025-03-26 00:00:00  |w 2026-02-24